00271nam a2200109Ia 4500008004100000100002100041245001600062260000900078300003400087440002400121650001600145180117s9999 xx 000 0 und d aby Jullie Y Daza aMedium Rare c2017 a18-20 pages, 2017 November 12 aPhilippine Panorama aMEDIUM RARE